Fußball Vereine aus NRW - Statistiken

Allgemein
  • Dieses Quiz wurde 104 mal gespielt
  • Das Durchschnittsergebnis liegt bei 12 aus 15
Antwortstatistiken
Liga Verein % Korrekt
B Borussia Dortmund
98%
B Bayer Leverkusen
92%
B Borussia M‘Gladbach
92%
2B Schalke
92%
B 1. FC Köln
90%
2B Fortuna Düsseldorf
87%
2B Bochum
84%
3L Rot-Weiss Essen
84%
2B Arminia Bielefeld
80%
3L Duisburg
80%
2B Paderborn
80%
2B Preußen Münster
74%
3L Alemannia Aachen
72%
3L Viktoria Köln
66%
3L Verl
45%
Keine übereinstimmenden Quizze gefunden
Verteilung der Resultate
Anzahl Personen mit jedem Resultat
Perzentil nach korrekt beantworteten Fragen
Ihre Resultats-Entwicklung
Sie haben dieses Quiz noch nicht gespielt